“It’s Beginning to Look a Lot Like Christmas” Lyrics - Statistics

General Stats
  • This quiz has been taken 152 times
  • The average score is 65 of 97
Answer Stats
Answer % Correct
be
100%
It’s
100%
a
99%
A
99%
beginning
99%
Christmas
99%
{Christmas} …
99%
{Christmas}.
99%
like
99%
look
99%
to
99%
lot
98%
every
97%
everywhere
92%
go
92%
{go}.
92%
you
92%
the
89%
and
86%
And
86%
Take
86%
on
84%
in
82%
can
78%
that
78%
your
78%
is
76%
will
75%
see
72%
again
71%
{again}!
71%
front
71%
own
71%
with
71%
{door}.
70%
of
70%
for
69%
holly
69%
{store}.
69%
once
68%
toys
68%
{snow}.
66%
candy
65%
start
65%
{start}.
65%
{ten},
65%
five
63%
But
61%
canes
61%
Dad
61%
Mom
61%
sight
61%
wait
61%
wish
61%
hardly
60%
school
60%
walk
60%
prettiest
59%
bells
58%
glistening
58%
{Jen}.
57%
as
56%
{Ben}.
56%
pair
56%
silver
56%
{well} —-
55%
boots
54%
Soon
54%
{heart}.
53%
Janice
53%
right
53%
tree
53%
carol
52%
one
52%
ring
52%
sing
52%
within
52%
hope
51%
lanes
51%
talk
51%
{Hotel},
50%
make
50%
{park},
50%
shoots
50%
them
50%
thing
50%
{aglow}.
49%
There’s
49%
Dolls
48%
Grand
48%
doesn’t
46%
mind
46%
pistol
46%
kind
45%
sturdy
42%
hopalong
41%
Barney
38%
No matching quizzes found
Score Distribution
Percent of People with Each Score
Percentile by Number Answered
Your Score History
You have not taken this quiz